000 00451nam a2200157 4500
001 109056
003 ES-MaACL
005 20230906184751.0
007 t|
008 061121s1976 fr r ||||1| fre d
100 1 _aMiró, Antoine.
_981596
245 1 2 _aL'exilé
_b: ; souvenirs d'un républicain espagnol /
_cAntoine Miró.
260 _aParís :
_bGalilée,
_c1976.
300 _a253 p. :
_bil. ;
_c22 cm.
852 _aES-MaACL
_jC-3337
_bR.111219
999 _c109056
_d109056